Największe europejskie miasta na literę S - Quiz z mapą - Statystyki

Ogólne statystyki
  • Ten quiz został rozwiązany 93 razy
  • Średni wynik to 13 z 20
Odpowiedzi na mapie
Odpowiedzi zakodowano w zielono-czerwonej skali na mapie do tego quizu, zgodnie z poniższymi procentami.
 
Statystyki odpowiedzi
Liczba
Ludności
Kraj Miasto % Poprawnych
1617407 Szwecja Sztokholm
99%
390278 Polska Szczecin
98%
1278031 Bułgaria Sofia
96%
684234 Hiszpania Sewilla
90%
343000 Bośnia i Hercegowina Sarajewo
88%
319045 Grecja Saloniki
86%
526502 Macedonia Skopje
86%
513149 Ukraina/Rosja Sewastopol
75%
632885 Niemcy Stuttgart
75%
246620 Wielka Brytania Southampton
74%
675304 Hiszpania Saragossa
70%
325495 Rosja Smoleńsk
56%
290576 Francja Strasburg
56%
556500 Wielka Brytania Sheffield
52%
443562 Rosja Soczi
51%
336212 Ukraina/Rosja Symferopol
35%
263448 Ukraina Sumy
33%
260560 Wielka Brytania Stoke-on-Trent
27%
230262 Rosja Szachty
10%
223921 Rosja Stary Oskoł
4%
Nie znaleziono quizów pasujących do podanych kryteriów
Rozkład punktacji
Procent ludzi z każdym wynikiem
Percentyl według liczby udzielonych odpowiedzi
Twoja historia wyników
Nie rozwiązałeś tego quizu